[Event "Arco op 41st"]
[Site "Arco"]
[Date "2019.10.07"]
[Round "4"]
[White "Kellner, Nikolaus"]
[Black "Blasco, Domenico"]
[Result "0-1"]
[WhiteElo "1659"]
[BlackElo "1873"]
[PlyCount "104"]
[EventDate "2019.10.04"]
[EventType "swiss"]
[EventRounds "9"]
[EventCountry "ITA"]
[SourceTitle "EXT 2020"]
[Source "ChessBase"]
[SourceDate "2019.10.17"]
[SourceVersion "1"]
[SourceVersionDate "2019.10.17"]
[SourceQuality "1"]

1. c4 e5 2. g3 Nc6 3. Bg2 g6 4. Nc3 Bg7 5. Nf3 Nge7 6. 0-0 d6 7. e3 f5 8. d4 e4 9. Ne1 0-0 10. f3 exf3 11. Qxf3 b6 12. b3 Bb7 13. Bb2 Rb8 14. Qf4 h6 15. h4 Kh7 16. Nd5 Nxd5 17. Bxd5 Ne7 18. Bxb7 Rxb7 19. Qf3 Rb8 20. Nd3 Qd7 21. Nf4 c6 22. Rad1 Rbd8 23. Ba3 Rfe8 24. d5 cxd5 25. cxd5 Rc8 26. Rc1 Be5 27. Nd3 Bg7 28. Nb4 Ng8 29. Nc6 Nf6 30. Rfd1 Ng4 31. Rd3 h5 32. Rc4 Ne5 33. Nxe5 Bxe5 34. Rc6 Kh6 35. Bb4 Rg8 36. Bc3 Rce8 37. Bxe5 Rxe5 38. Qf4+ Kh7 39. Rdc3 Rg7 40. Qd4 Re4 41. Qf6 f4 42. Rc7 Qxc7 43. Rxc7 Rxc7 44. exf4 Re2 45. Qa1 Rcc2 46. Qf1 Rxa2 47. f5 Rg2+ 48. Qxg2 Rxg2+ 49. Kxg2 gxf5 50. Kf3 a5 51. Ke3 Kg7 52. Kd4 b5 0-1

[Event "Arco op 40th"]
[Site "Arco"]
[Date "2018.10.14"]
[Round "2"]
[White "Blasco, Domenico"]
[Black "Goerg, Joachim"]
[Result "0-1"]
[WhiteElo "1830"]
[BlackElo "2154"]
[PlyCount "102"]
[EventDate "2018.10.13"]
[EventType "swiss"]
[EventRounds "9"]
[EventCountry "ITA"]
[SourceTitle "CBM 186 Extra"]
[Source "ChessBase"]
[SourceDate "2018.08.24"]
[SourceVersion "1"]
[SourceVersionDate "2018.08.24"]
[SourceQuality "1"]

1. Nf3 f5 2. d3 Nf6 3. g3 g6 4. Bg2 Bg7 5. 0-0 d6 6. Nbd2 0-0 7. e4 Nc6 8. c3 e5 9. Qc2 Kh8 10. exf5 gxf5 11. Nc4 Qe8 12. Nh4 Be6 13. Ne3 f4 14. Nef5 Qd7 15. Nxg7 Qxg7 16. b4 a6 17. a3 Nh5 18. Qe2 Qf7 19. Bb2 Rae8 20. Rad1 Ng7 21. Be4 Bh3 22. Bg2 Bxg2 23. Kxg2 Kg8 24. a4 Qd5+ 25. Qe4 Qb3 26. Qc4+ Qxc4 27. dxc4 e4 28. b5 Ne5 29. Rd4 Nd3 30. Ba3 f3+ 31. Kg1 Re5 32. Rb1 Nxf2 33. Kxf2 e3+ 34. Ke1 Ne6 35. Rd5 Re4 36. Nxf3 Rxf3 37. bxa6 bxa6 38. Ke2 Rf2+ 39. Kd3 Rg4 40. Kxe3 Rxh2 41. Bxd6 cxd6 42. Rxd6 Rxg3+ 43. Ke4 Re2+ 44. Kd5 Rd3+ 45. Kc6 Rxc3 46. Kd7 Nf8+ 47. Kd8 Rxc4 48. Rxa6 Rd2+ 49. Ke7 Re4+ 50. Kf6 Rf2+ 51. Kg5 Ne6+ 0-1

[Event "World Amateur-ch U2000"]
[Site "Cagliari"]
[Date "2018.04.27"]
[Round "7"]
[White "Johnson, Frank Arthur Jr"]
[Black "Blasco, Domenico"]
[Result "1/2-1/2"]
[WhiteElo "1781"]
[BlackElo "1884"]
[PlyCount "151"]
[EventDate "2018.04.22"]
[EventType "swiss"]
[EventRounds "9"]
[EventCountry "ITA"]
[SourceTitle "CBM 184 Extra"]
[Source "ChessBase"]
[SourceDate "2018.06.28"]
[SourceVersion "1"]
[SourceVersionDate "2018.06.28"]
[SourceQuality "1"]

1. e4 g6 2. Bc4 Bg7 3. f4 c5 4. Nf3 Nc6 5. 0-0 e6 6. d3 Nge7 7. Nc3 0-0 8. Qe1 d5 9. Bb3 Na5 10. Qh4 Nxb3 11. axb3 Nc6 12. exd5 exd5 13. f5 Qxh4 14. Nxh4 Bd4+ 15. Kh1 Nb4 16. Bh6 Bg7 17. Bxg7 Kxg7 18. f6+ Kg8 19. Rf2 Bd7 20. Re1 Rfe8 21. Rfe2 Rxe2 22. Rxe2 Re8 23. Rxe8+ Bxe8 24. Nf3 Bc6 25. Ne1 Kf8 26. Ne2 Ke8 27. c3 Na6 28. d4 b6 29. Nd3 Bb5 30. Nec1 Bxd3 31. Nxd3 cxd4 32. cxd4 Kd7 33. g4 Nc7 34. Kg2 Nb5 35. Nf4 Kd6 36. Ne2 g5 37. h4 h6 38. hxg5 hxg5 39. Kf3 Ke6 40. Ke3 Kxf6 41. Nc1 Ke6 42. Nd3 f5 43. gxf5+ Kxf5 44. Nb4 Nc7 45. Nc6 a6 46. Ne7+ Ke6 47. Ng6 Kd6 48. Ne5 Ne6 49. Kd3 Ke7 50. Ke3 b5 51. Nc6+ Kf6 52. Nb4 Nc7 53. Nc6 Kf5 54. Kf3 g4+ 55. Ke3 Kg5 56. Ne5 Kh4 57. Ng6+ Kh3 58. Nf4+ Kh2 59. b4 Kg1 60. Ke2 Kh2 61. Ke3 Kg3 62. Ne2+ Kh4 63. Kf4 Kh3 64. Ke5 Kg2 65. Kd6 Kf2 66. Nf4 Kf3 67. Nh5 Ke4 68. Nf6+ Kxd4 69. Nxg4 Ne8+ 70. Kc6 Kc4 71. Ne3+ Kxb4 72. Nxd5+ Kb3 73. Kb6 Kxb2 74. Kxa6 Nd6 75. Kb6 Ka3 76. Kc5 1/2-1/2

[Event "Arco op-A 39th"]
[Site "Arco"]
[Date "2017.10.07"]
[Round "1"]
[White "Blasco, Domenico"]
[Black "Romanishin, Oleg M"]
[Result "0-1"]
[WhiteElo "1894"]
[BlackElo "2463"]
[PlyCount "40"]
[EventDate "2017.10.07"]
[EventType "swiss"]
[EventRounds "9"]
[EventCountry "ITA"]
[SourceTitle "CBM 181 Extra"]
[Source "ChessBase"]
[SourceDate "2017.12.12"]
[SourceVersion "1"]
[SourceVersionDate "2017.12.12"]
[SourceQuality "1"]

1. d4 Nf6 2. Nf3 g6 3. Nc3 d5 4. Bf4 Bg7 5. Qd2 Ne4 6. Nxe4 dxe4 7. Ne5 0-0 8. 0-0-0 Qd5 9. c4 Qe6 10. d5 Qa6 11. h3 Qxa2 12. Qc2 Nd7 13. Nxd7 Bxd7 14. b3 Qa3+ 15. Kd2 Qb4+ 16. Kc1 a5 17. Be3 a4 18. Bd4 Bxd4 19. Rxd4 axb3 20. Qb2 Ra2 0-1

[Event "Arco op 38th"]
[Site "Arco"]
[Date "2016.10.08"]
[Round "1"]
[White "Blasco, Domenico"]
[Black "Sedina, Elena"]
[Result "0-1"]
[WhiteElo "1892"]
[BlackElo "2263"]
[PlyCount "98"]
[EventDate "2016.10.08"]
[EventType "swiss"]
[EventRounds "9"]
[EventCountry "ITA"]
[SourceTitle "EXT 2017"]
[Source "ChessBase"]
[SourceDate "2016.10.25"]
[SourceVersion "1"]
[SourceVersionDate "2016.10.25"]
[SourceQuality "1"]

1. d4 Nf6 2. Nf3 d5 3. e3 c5 4. c3 e6 5. Bd3 Nc6 6. Nbd2 Bd6 7. 0-0 0-0 8. dxc5 Bxc5 9. e4 Qc7 10. exd5 exd5 11. Nb3 Bb6 12. Bc2 h6 13. h3 Re8 14. Qd3 a6 15. Nfd4 Ne4 16. Nxc6 Qxc6 17. Nd4 Qd6 18. Ne2 Bd7 19. Bf4 Qf6 20. a4 g5 21. Be3 Bxe3 22. fxe3 Qe5 23. Qd4 Nd6 24. Rf3 Nc4 25. Qxe5 Rxe5 26. Kf2 Rae8 27. Nd4 Nxe3 28. Bb3 Nc4 29. Bxc4 dxc4 30. a5 f5 31. Ra2 f4 32. Ra1 Kg7 33. Kf1 Kg6 34. Rf2 Rd5 35. Re2 Ree5 36. Rxe5 Rxe5 37. Nf3 Rb5 38. Ra4 Bf5 39. Rb4 Rxb4 40. cxb4 Bd3+ 41. Kf2 Kf6 42. g3 fxg3+ 43. Kxg3 Be4 44. Nd2 Bd5 45. Kg4 Be6+ 46. Kh5 Ke5 47. Kxh6 Kf4 48. Kg6 Bxh3 49. Nxc4 g4 0-1

[Event "Milan Crespi op-C 35th"]
[Site "Milan"]
[Date "2014.12.07"]
[Round "5"]
[White "Bisignano, Giuseppe"]
[Black "Blasco, Domenico"]
[Result "1-0"]
[WhiteElo "1850"]
[BlackElo "1902"]
[PlyCount "79"]
[EventDate "2014.12.04"]
[EventType "swiss"]
[EventRounds "7"]
[EventCountry "ITA"]
[SourceTitle "EXT 2017"]
[Source "ChessBase"]
[SourceDate "2016.10.25"]
[SourceVersion "1"]
[SourceVersionDate "2016.10.25"]
[SourceQuality "1"]

1. e4 g6 2. d4 Bg7 3. Nc3 a6 4. Bc4 e6 5. f4 Ne7 6. d5 b5 7. Bb3 b4 8. Nce2 exd5 9. exd5 d6 10. Nf3 Nd7 11. a3 Nc5 12. Ned4 Nxb3 13. Nxb3 Bb7 14. axb4 Bxd5 15. Qd3 Bxb3 16. Qxb3 0-0 17. 0-0 Qb8 18. Be3 Nf5 19. Bf2 Qb7 20. Rfe1 Rab8 21. c3 c5 22. Ra5 cxb4 23. c4 Rfe8 24. Rxe8+ Rxe8 25. Rd5 Re2 26. g4 Rxb2 27. Qd3 Ne7 28. Rxd6 Nc6 29. Qd5 Rb1+ 30. Kg2 Qe7 31. Qxc6 b3 32. Qc8+ Bf8 33. Rd8 b2 34. Re8 Qxe8 35. Qxe8 Rg1+ 36. Bxg1 b1Q 37. Bc5 Qb2+ 38. Kg3 Qg7 39. Ne5 a5 40. Kf3 1-0

[Event "Trieste op 16th"]
[Site "Trieste"]
[Date "2014.09.05"]
[Round "8"]
[White "Ludovici, Roberto"]
[Black "Blasco, Domenico"]
[Result "0-1"]
[WhiteElo "1835"]
[BlackElo "1874"]
[PlyCount "68"]
[EventDate "2014.08.30"]
[EventType "swiss"]
[EventRounds "9"]
[EventCountry "ITA"]
[SourceTitle "CBM 162 Extra"]
[Source "ChessBase"]
[SourceDate "2014.10.17"]
[SourceVersion "1"]
[SourceVersionDate "2014.10.17"]
[SourceQuality "1"]

1. d4 Nf6 2. Nf3 c5 3. dxc5 e6 4. Nc3 Bxc5 5. h3 d5 6. e3 Nc6 7. Bb5 0-0 8. 0-0 Qc7 9. Na4 Be7 10. Nc3 Rd8 11. b3 d4 12. exd4 Nxd4 13. Bd2 Nxf3+ 14. gxf3 Bb4 15. Nb1 Bxd2 16. Nxd2 e5 17. h4 Bf5 18. Rc1 e4 19. Qe2 a6 20. Bc4 b5 21. fxe4 Bh3 22. Bd3 Bxf1 23. Qxf1 Qf4 24. Qe2 Ng4 25. f3 Ne5 26. Rf1 Rd6 27. Rf2 Rad8 28. Rg2 Rg6 29. h5 Rxg2+ 30. Kxg2 Qg5+ 31. Kf2 Qxh5 32. Nf1 Nxd3+ 33. cxd3 Qc5+ 34. Ne3 Qd4 0-1

[Event "Trieste op 16th"]
[Site "Trieste"]
[Date "2014.08.31"]
[Round "2"]
[White "Blasco, Domenico"]
[Black "Sepehrkhoui, Ardeshir"]
[Result "0-1"]
[WhiteElo "1874"]
[BlackElo "2134"]
[PlyCount "84"]
[EventDate "2014.08.30"]
[EventType "swiss"]
[EventRounds "9"]
[EventCountry "ITA"]
[SourceTitle "CBM 162 Extra"]
[Source "ChessBase"]
[SourceDate "2014.10.17"]
[SourceVersion "1"]
[SourceVersionDate "2014.10.17"]
[SourceQuality "1"]

1. d4 Nf6 2. Nf3 g6 3. Nc3 d5 4. Bf4 Bg7 5. Qd2 h6 6. h3 a6 7. Ne5 b5 8. e3 Bb7 9. Bd3 Nbd7 10. f3 c5 11. Nd1 Qb6 12. c3 a5 13. Nf2 a4 14. a3 Nf8 15. 0-0 Ne6 16. Bh2 0-0 17. Nfg4 Nxg4 18. hxg4 Qa5 19. f4 cxd4 20. f5 dxc3 21. bxc3 Nc5 22. fxg6 f6 23. Nf7 Nb3 24. Qf2 Nxa1 25. Rxa1 Qxc3 26. Rd1 e5 27. Qh4 Rxf7 28. gxf7+ Kf8 29. Bg6 Qxe3+ 30. Kh1 d4 31. Rb1 Rc8 32. Bg1 Rc1 33. Rxc1 Qxc1 34. Kh2 Qg5 35. Qxg5 fxg5 36. Bf2 Bd5 37. Bd3 Bc4 38. Be4 Kxf7 39. Be1 Bf8 40. Bg3 Kf6 41. Kg1 Bxa3 42. Kf2 Bb4 0-1

[Event "Milan Crespi op-A 34th"]
[Site "Milan"]
[Date "2013.12.08"]
[Round "6"]
[White "Blasco, Domenico"]
[Black "Oteri, Aldo"]
[Result "0-1"]
[WhiteElo "1886"]
[BlackElo "1776"]
[PlyCount "48"]
[EventDate "2013.12.04"]
[EventType "swiss"]
[EventRounds "7"]
[EventCountry "ITA"]
[SourceTitle "EXT 2024"]
[Source "ChessBase"]
[SourceDate "2023.10.10"]
[SourceVersion "1"]
[SourceVersionDate "2023.10.10"]
[SourceQuality "1"]

1. d4 Nf6 2. Nf3 b6 3. e3 Bb7 4. Bd3 e6 5. Nbd2 Be7 6. 0-0 d5 7. b3 0-0 8. Bb2 c5 9. Ne5 Nc6 10. a3 cxd4 11. exd4 Rc8 12. f4 Qc7 13. Nxc6 Qxc6 14. Re1 Qc7 15. f5 Bd6 16. Nf3 Ne4 17. fxe6 fxe6 18. c4 Rxf3 19. gxf3 Bxh2+ 20. Kf1 Qg3 21. Bxe4 dxe4 22. Ke2 Qxf3+ 23. Kd2 Qd3+ 24. Kc1 Bf4+ 0-1

[Event "Milan Crespi op-A 34th"]
[Site "Milan"]
[Date "2013.12.07"]
[Round "4"]
[White "Blasco, Domenico"]
[Black "Podetti, Davide"]
[Result "1/2-1/2"]
[WhiteElo "1886"]
[BlackElo "1802"]
[PlyCount "46"]
[EventDate "2013.12.04"]
[EventType "swiss"]
[EventRounds "7"]
[EventCountry "ITA"]
[SourceTitle "EXT 2024"]
[Source "ChessBase"]
[SourceDate "2023.10.10"]
[SourceVersion "1"]
[SourceVersionDate "2023.10.10"]
[SourceQuality "1"]

1. d4 Nf6 2. Nf3 e6 3. e3 c5 4. Bd3 Be7 5. 0-0 d5 6. b3 0-0 7. Bb2 b6 8. Ne5 Bb7 9. Nd2 Nbd7 10. f4 Ne4 11. Nxe4 dxe4 12. Bc4 Nf6 13. Qe2 a6 14. a4 Nd5 15. Rad1 f5 16. dxc5 Bxc5 17. Bd4 Qc7 18. Bxc5 bxc5 19. Rd2 Rfd8 20. Rfd1 Rd6 21. Qf2 Qe7 22. h3 Rad8 23. Qe1 g6 1/2-1/2